Realizácia siete testovacích podnikov v Slovenskej republike

Jednou z podmienok vstupu SR do EÚ je aj zabezpečovanie toku informácií za rezort pôdohospodárstva. Sieť testovacích podnikov poľnohospodárskeho účtovníctva. Metodické a vecné prístupy k tvorbe siete testovacích podnikov. Tvorba výberového súboru podnikov testovacej siete. Legislatíva. Štruktúra dot...

Descripción completa

Guardado en:
Detalles Bibliográficos
Autor principal: Haspra, Rudolf
Formato: Capítulo de libro
Lenguaje:eslovaco
Materias:
Etiquetas: Agregar Etiqueta
Sin Etiquetas, Sea el primero en etiquetar este registro!

MARC

LEADER 00000naa a2200000 4500
001 r026423
005 20230922110358.5
041 0 |a slo 
044 |a CZ 
245 1 0 |a Realizácia siete testovacích podnikov v Slovenskej republike  |c R. Haspra 
520 |a Jednou z podmienok vstupu SR do EÚ je aj zabezpečovanie toku informácií za rezort pôdohospodárstva. Sieť testovacích podnikov poľnohospodárskeho účtovníctva. Metodické a vecné prístupy k tvorbe siete testovacích podnikov. Tvorba výberového súboru podnikov testovacej siete. Legislatíva. Štruktúra dotazníka pre zber údajov. Systém zberu a spracovania údajov. 
610 2 0 |a pôdohospodárstvo 
610 2 0 |a poľnohospodárstvo 
610 2 0 |a Slovensko 
610 2 0 |a Európska únia 
610 2 0 |a tok informácií 
610 2 0 |a testy 
610 2 0 |a dotazníky 
610 2 0 |a podnik 
610 2 0 |a účtovníctvo 
610 2 0 |a zber dát 
610 2 0 |a spracovanie dát 
610 2 0 |a legislatíva 
100 1 |a Haspra, Rudolf